1740 1997 1408 1261 1434 1332 1162 1139 1424 1475 1258 1426 1027 1701 1508 1577 1213 1081 1350 1987 1679 1083 1114 1208 1383 1127 1874 1384 1227 1495 1186 1983 1645 1021 1405 1780 1326 1926 1086 1980 1818 1110 1660 1593 1580 1621 1159 1165 1666 1800 1194 1156 1442 1963 1215 1999 1048 1725 1603 1594 1405 1949 1817 1369 1300 1555 1747 1016 1793 1719 1920 1041 1826 1676 1083 1611 1483 1053 1673 1784 1590 1467 1049 1527 1462 1850 1962 1350 1657 1215 1294 1229 1385 1078 1705 1030 1200 1632 1981 BCNSPRNW ULIB Ver.6.0+V

เปลี่ยนเป็นภาษาไทย

Change to English
 แสดงรายละเอียดบรรณานุกรม
  กลับหน้าหลัก

Brief Record : Get Marc (ISO 2709) : E-mail record : QR code < ปิดหน้าต่าง
LEADER : 00000nam 2200000uu 4500
001    13399123893
003     ULIB
008    141214s2555||||th 000 0 tha d
020    ^a9789749752463
060 04 ^aWJ300^bE78
110 1  ^aวิทยาลัยแพทยศาสตร์พระมงกุฏเกล้า.^bโครงการตำราวิทยาลัยแพทยศาสตร์พระมงกุฏเกล้า
245 00 ^aEssential nephrology /^cคณะบรรณาธิการ ; บัญชา สถิระพจน์ ... [และคนอื่นๆ]
250    ^aพิมพ์ครั้งที่ 2
260    ^aกรุงเทพฯ :^bโครงการตำราวิทยาลัยแพทยศาสตร์พระมงกุฎเกล้า, ^c2555
300    ^a558 หน้า :^bภาพประกอบ ;^c27 ซม.
650  4 ^aไต, โรค^xการรักษา
650  4 ^aไต, โรค^xการวินิจฉัย
700 0  ^aบัญชา สถิระพจน์.,^eบรรณาธิการ
700 0  ประเจษฎ์ เรืองกาญจนเศรษฐ์.,^eบรรณาธิการ
700 0  อินทรีย์ กาญจนกูล.,^eบรรณาธิการ
700 0  อำนาจ ชัยประเสริฐ.,^eบรรณาธิการ
700 0  อุปถัมภ์ ศุภสินธุ์.,^eบรรณาธิการ
700 0  พรรณบุปผา ชูวิเชียร.,^eบรรณาธิการ
945    ^p540^l0^i22556
945    ^p540^l0^i22557
999    ^aทศพร เกษรทอง
รายการนี้ยังไม่มีแท็ก
คุณยังไม่ได้ล็อกอิน คุณสามารถมีกิจกรรมร่วมกับเว็บไซต์ได้ แต่ต้องล็อกอินก่อน ::
  ล็อกอิน

รายการสื่อสารสนเทศ

ลำดับที่ ประเภท เลขเรียก/บาร์โค้ด สถานที่ สถานะ
1. วิทยาศาสตร์การแพทย์ และสุขภาพ
วิทยาศาสตร์การแพทย์ และสุขภาพ
สถานะ=หนังสือเก่า
WJ300 E78 ฉ.1 
  Barcode: 22556
ห้องสมุดวิทยาเขตนครสวรรค์
►ส่วนจัดเก็บหนังสือเก่า นว.
บนชั้น
  ขอยืม
2. วิทยาศาสตร์การแพทย์ และสุขภาพ
วิทยาศาสตร์การแพทย์ และสุขภาพ
สถานะ=หนังสือเก่า
WJ300 E78 ฉ.2 
  Barcode: 22557
ห้องสมุดวิทยาเขตนครสวรรค์
►ส่วนจัดเก็บหนังสือเก่า นว.
บนชั้น
  ขอยืม

BibComment


ยังไม่เคยถูกคอมเมนท์

คอมเมนท์ทรัพยากรรายการนี้
  คอมเมนท์: Essential nephro..


 Copyright 2026. Bcnsprnw @Library